駅名クイズ - 青森県内にある駅 ver. - Statistics

General Stats
  • This quiz has been taken 93 times
    49 since last reset
  • The average score is 72 of 162
Answer Stats
Number Answer % Correct
八戸
100%
新青森
100%
七戸十和田
97%
奥津軽いまべつ
97%
弘前
97%
青森
94%
KW14 大鰐
91%
野辺地
88%
大湊
88%
五所川原
88%
蟹田
82%
三戸
82%
大鰐温泉
79%
陸奥横浜
79%
深浦
79%
三厩
79%
KK13 黒石
79%
津軽五所川原
79%
下北
76%
本八戸
76%
津軽二股
76%
東青森
76%
川部
74%
KW01 中央弘前
74%
碇ケ関
71%
撫牛子
71%
71%
津軽中里
71%
三沢
71%
浅虫温泉
71%
階上
68%
目時
68%
石川
65%
ウェスパ椿山
65%
鯵ケ沢
65%
藤崎
65%
蓬田
65%
板柳
62%
浪岡
59%
津軽新城
59%
今別
59%
津軽湯の沢
56%
北野辺地
56%
木造
56%
油川
56%
中小国
56%
KK11 田舎館
53%
KK10 田んぼアート
50%
陸奥鶴田
47%
金木
47%
西平内
47%
大釈迦
44%
上北町
44%
驫木
41%
長苗代
41%
陸奥湊
41%
千曳
41%
筒井
41%
大平
38%
KK06 平賀
38%
小湊
38%
北常盤
35%
鶴ケ坂
35%
白神岳登山口
35%
鶴泊
35%
KW11 石川プール前
35%
北高岩
35%
小川原
35%
野内
35%
風合瀬
32%
千畳敷
32%
種差海岸
32%
津軽浜名
32%
KW02 弘高下
32%
KW09 義塾高校前
32%
諏訪ノ平
32%
苫米地
32%
陸奥市川
32%
下田
32%
乙供
32%
矢田前
32%
白銀
29%
瀬辺地
29%
KK02 弘前東高前
29%
剣吉
29%
赤川
26%
十二湖
26%
艫作
26%
広戸
26%
陸奥森田
26%
林崎
26%
陸奥白浜
26%
毘沙門
26%
向山
26%
狩場沢
26%
清水川
26%
小柳
26%
陸奥岩崎
24%
追良瀬
24%
北金ケ沢
24%
五農校前
24%
長峰
21%
有畑
21%
金谷沢
21%
大間越
21%
陸奥赤石
21%
津軽宮田
21%
後潟
21%
中沢
21%
大川平
21%
KK07 柏農高校前
21%
KK09 尾上高校前
21%
KW03 弘前学院大前
21%
KW08 津軽大沢
21%
芦野公園
21%
有戸
18%
吹越
18%
近川
18%
松神
18%
陸奥沢辺
18%
陸奥柳田
18%
鳴沢
18%
越水
18%
小中野
18%
大蛇
18%
奥内
18%
郷沢
18%
KK08 津軽尾上
18%
深郷田
18%
横磯
15%
中田
15%
大久喜
15%
金浜
15%
左堰
15%
KK03 運動公園前
15%
KW12 鯖石
15%
十川
15%
津軽飯詰
15%
大戸瀬
12%
KK05 館田
12%
KK12 境松
12%
KW04 聖愛中高前
12%
KW06 小栗山
12%
KW07 松木平
12%
KW13 宿川原
12%
嘉瀬
12%
川倉
12%
大沢内
12%
KK04 新里
9%
KW05 千年
9%
No matching quizzes found
Score Distribution
Percent of People with Each Score
Percentile by Number Answered
Your Score History
You have not taken this quiz since the last reset